000 00550nam a2200169 4500
001 113489
003 ES-MaACL
005 20230906185919.0
007 t|
008 061121s1999 sp r ||||1| spa d
100 1 _aNoble, Grant.
_985805
245 1 0 _aEducación sexual para niños /
_cGrant Noble ; traducción y adaptación bajo la dirección de Laureano Sola Pejenaute.
260 _aMadrid :
_bCastillo,
_c1971.
300 _a47 p. :
_bil. ;
_c21 cm.
700 1 _aSola Pejenaute, Laureano.
_9107059
852 _aES-MaACL
_j2077-F-16
_bR.77556
999 _c113489
_d113489